000 00804nam a22002297a 4500
999 _c17125
_d17125
003 AR-CdUCM
008 190507b ||||| |||| 00| 0 spa d
040 _aMUNICIPALIDAD PROVINCIAL DEL CUSCO
_cBIBLIOTECA MUNICIPAL DEL CUSCO
041 _hgre
082 _a108 /
_bF51
100 _aFilon de Alejandria
_936981
245 _aTodo hombre bueno es libre /
260 _aBuenos Aires :
_bM. Aguilar,
_c1962.
300 _a86 páginas ;
_c16.5 cm.
505 _aContenido: Todo hombre bueno es libre -- La Siria Palestinense -- Kálamo era un indio -- La esclavitud es execrable y penosa ...
650 _aFilosofía
_9395
650 _aHistoria
_9136
650 _aEl hombre
_916004
700 _aSamaranch, Francisco de P. (traducción)
_936982
942 _2ddc
_cLIBROS
945 _aachl
_d2019-05-07